| 000 | 00816nam a2200277 c 4500 | ||
|---|---|---|---|
| 001 | 000030695 | ||
| 003 | RuMoIPM | ||
| 005 | 20260601105652.0 | ||
| 008 | 230210s1964 ru ||||||| |||| ||rus d | ||
| 035 | _a(RuMoBEN) 001991738 | ||
| 035 | _a(ELAR retro) [2022] 000076104 | ||
| 035 | _a(RuMoBEN-CBP Bibliobus) 108801 | ||
| 035 | _a(ELAR retro) [2022] 000106247 | ||
| 040 |
_aRuMoBEN _brus _ercr |
||
| 041 | 0 | _arus | |
| 044 | _aru | ||
| 080 | _a511.2 | ||
| 080 | _a517.1 | ||
| 080 | _a511.0 | ||
| 100 | 1 | _aБоревич, Зенон Иванович | |
| 245 | 1 | 0 |
_aТеория чисел _cЗ. И. Боревич, И. Р. Шафаревич |
| 260 |
_aМосква _bНаука _c1964 |
||
| 300 |
_a566 с. _bил. |
||
| 700 | 1 | _aШафаревич, Игорь Ростиславович | |
| 942 | _cBK | ||
| 999 |
_c30695 _d30695 |
||